00628nam a2200193Ia 4500020001800000082001500018245007700033260004000110300001000150440004800160504001900208650003500227650002300262650002600285650002400311650004100335650004000376700001800416 a1-4039-1633-0 a338.6 OWN; 0aOwnership and governance of enterprises : recent innovative developments aHampshirebPalgrave Macmillanc2003 a261p. aStudies in development economics and policy aIncludes index aStock ownership - Case studies aOwnership of stock aGovernance, corporate aCorporate ownership aIndustrial management - Case studies aCorporate governance - Case studies aSun, Laixiang